[Event "TCh-HUN 2012-13"]
[Site "Budapest HUN"]
[Date "2012.12.02"]
[Round "5"]
[White "Medvegy,J"]
[Black "Medvegy,N"]
[Result "0-1"]
[WhiteElo "2032"]
[BlackElo "2328"]

1.e4 c5 2.Nf3 Nc6 3.Nc3 g6 4.d4 cxd4 5.Nxd4 Bg7 6.Be3 Nf6 7.Nxc6 bxc6 8.e5 Ng8
9.f4 f6 10.exf6 Nxf6 11.Be2 Qa5 12.O-O Rb8 13.Rb1 O-O 14.Bf3 Ba6 15.Re1 Bc4
16.Bd4 Rf7 17.a3 Bd5 18.Nxd5 Nxd5 19.Bxg7 Rxg7 20.Bxd5+ cxd5 21.Re5 e6 22.Kh1 Rc8
23.Qd3 Qa4 24.Re2 Qxf4 25.g3 Qf8 26.Kg2 Rf7 27.Qa6 Qc5 28.Rf1 Rxf1 29.Kxf1 Rf8+
30.Kg2 Qd4 31.Qb7 Qf6 32.Kh3 Qf1+ 33.Rg2 Qf3 34.Rd2 Qf5+ 35.g4 Qf3+ 36.Kh4 g5+
37.Kh5 Qf7+ 38.Kxg5 Qf4+ 39.Kh5 Qxd2 40.Qxd7 Qxh2+  0-1

[Event "4th London Classic Open"]
[Site "London ENG"]
[Date "2012.12.02"]
[Round "2"]
[White "Carlile,Orison"]
[Black "Parry,Jacques"]
[Result "1-0"]
[WhiteElo "2016"]
[BlackElo "1809"]

1.e4 c5 2.Nc3 Nc6 3.Bb5 Nd4 4.Bc4 e6 5.Nge2 Ne7 6.O-O Ng6 7.d3 Be7 8.f4 d6
9.Nxd4 cxd4 10.Ne2 Qb6 11.Qe1 Bd7 12.a4 a6 13.Qf2 d5 14.exd5 Bc5 15.dxe6 Bxe6
16.b4 Bxc4 17.bxc5 Qd8 18.dxc4 O-O 19.Nxd4  1-0

[Event "TCh-AUT 2 West 2012-13"]
[Site "Rum AUT"]
[Date "2012.12.02"]
[Round "6.4"]
[White "Mons,L"]
[Black "Hoellrigl,W"]
[Result "1-0"]
[WhiteElo "2339"]
[BlackElo "2199"]

1.e4 c5 2.Nc3 Nc6 3.Bb5 g6 4.f4 Bg7 5.Nf3 e6 6.Bxc6 dxc6 7.e5 f5 8.d3 Ne7
9.O-O Nd5 10.Na4 Bf8 11.c4 Nb4 12.Be3 Qxd3 13.Qxd3 Nxd3 14.Rfd1 Nb4 15.Bxc5 Bxc5+
16.Nxc5 b6 17.Nd3 Na6 18.c5 Nc7 19.Rac1 Bd7 20.Nb4 Nd5 21.Nxd5 cxd5 22.Nd4 Ke7
23.c6 Be8 24.Rd3 h6 25.Rg3 Rg8 26.Rh3 Rh8 27.Kf2 a6 28.Rb3 b5 29.a4 bxa4
30.Rb7+ Kd8 31.Nxe6+ Kc8 32.Re7 g5 33.Nc7 Kd8 34.Nxd5  1-0

[Event "TCh-AUT 2 West 2012-13"]
[Site "Rum AUT"]
[Date "2012.12.02"]
[Round "6.3"]
[White "Fuchs,G"]
[Black "Hanel,R"]
[Result "1-0"]
[WhiteElo "2272"]
[BlackElo "2286"]

1.e4 c5 2.Nf3 Nc6 3.Nc3 Nf6 4.d4 cxd4 5.Nxd4 e5 6.Ndb5 d6 7.Nd5 Nxd5 8.exd5 Ne7
9.c4 Ng6 10.Bd3 Be7 11.O-O O-O 12.Be3 a6 13.Nc3 f5 14.Qb3 e4 15.Be2 Kh8 16.Bb6 Qe8
17.Bh5 Bf6 18.Rae1 Be5 19.Ne2 f4 20.f3 e3 21.g4 fxg3 22.Bxe3 g2 23.Rf2 Bxh2+
24.Kxh2 Qe5+ 25.Ng3 Qf6 26.Bg4 Bxg4 27.fxg4 Qh4+ 28.Kxg2 Rxf2+ 29.Bxf2 Rf8
30.Re4 Nf4+ 31.Rxf4 Rxf4 32.Qxb7 h6 33.Qb8+ Kh7 34.Qxd6 Qxg4 35.Qc5 Qf3+
36.Kg1 Rg4 37.d6 Rxg3+ 38.Bxg3 Qxg3+ 39.Kf1 Qd3+ 40.Kf2 Qd2+ 41.Kf3 Qd3+
42.Kf4 g5+ 43.Ke5 Kg6 44.Qd5 Qg3+ 45.Ke6 Qf4 46.Ke7 Qf6+ 47.Kd7 g4 48.Kc7 Qf4
49.Kb7  1-0

[Event "FIDE GP Tashkent"]
[Site "Tashkent UZB"]
[Date "2012.12.02"]
[Round "9.4"]
[White "Karjakin,Sergey"]
[Black "Gelfand,B"]
[Result "1/2-1/2"]
[WhiteElo "2775"]
[BlackElo "2751"]

1.e4 c5 2.Nf3 Nc6 3.Nc3 e5 4.Bc4 Be7 5.d3 d6 6.O-O Nf6 7.h3 O-O 8.a3 a6 9.Nd5 Nxd5
10.Bxd5 Be6 11.Bxe6 fxe6 12.c3 Qd7 13.b4 d5 14.Rb1 b5 15.Be3 d4 16.Bd2 dxc3
17.Bxc3 Bd6 18.Qe2 Rf7 19.bxc5 Bxc5 20.Bb2 Raf8 21.Rbc1 Bb6 22.Kh1 Rxf3 23.gxf3 Bd4
24.Rg1 Bxb2 25.Qxb2 Rxf3 26.Qc3 Qf7 27.Qxc6 Rxh3+ 28.Kg2 Qf3+ 29.Kf1 Qxd3+
30.Ke1 Re3+ 31.fxe3 Qxe3+ 32.Kd1 Qd3+ 33.Ke1 Qe3+ 34.Kd1 Qd3+  1/2-1/2

[Event "5th Kolkata Open"]
[Site "Kolkata IND"]
[Date "2012.12.04"]
[Round "2"]
[White "Tiviakov,S"]
[Black "Siddharth,R"]
[Result "1-0"]
[WhiteElo "2663"]
[BlackElo "2381"]

1.e4 c5 2.Nc3 Nc6 3.Nge2 e5 4.Ng3 d6 5.Bc4 Be6 6.d3 g6 7.Nd5 Bg7 8.h4 h5
9.Bg5 Qd7 10.c3 Bxd5 11.Bxd5 Nf6 12.Bb3 Nh7 13.Bd2 Nf8 14.Nf1 Ne6 15.Ne3 Nf4
16.Bc1 O-O-O 17.g3 Ne6 18.Bd2 Bh6 19.Nd5 Bxd2+ 20.Qxd2 f5 21.O-O-O Kb8 22.f4 Rdf8
23.Kb1 Nc7 24.Qe3 Ne6 25.Rhf1 Qg7 26.Ba4 Ned8 27.Rde1 Re8 28.exf5 gxf5 29.Qf3 Ref8
30.Ne3 Qg6 31.Bb3 Rh7  1-0

[Event "33rd Crespi Memorial"]
[Site "Milan ITA"]
[Date "2012.12.05"]
[Round "5.12"]
[White "Marholev,D"]
[Black "Sardo,G"]
[Result "1-0"]
[WhiteElo "2313"]
[BlackElo "2178"]

1.e4 c5 2.Nc3 Nc6 3.Bb5 g6 4.Bxc6 bxc6 5.d3 Bg7 6.Nge2 d6 7.O-O Nh6 8.h3 O-O
9.f4 f5 10.Qe1 Rb8 11.Rb1 Ba6 12.b3 c4 13.dxc4 Bxc4 14.Bb2 Ba6 15.Rf3 c5
16.Ng3 Bb7 17.Nd1 e6 18.Bxg7 Kxg7 19.Nc3 Nf7 20.Rd1 Qa5 21.Rf2 Rfe8 22.Re2 Bc6
23.Kh2 Qb4 24.a3 Qxa3 25.Ra1 Qb4 26.Rxa7 Ra8 27.Rxa8 Rxa8 28.exf5 exf5 29.Re7 Qxf4
30.Rc7 Re8 31.Qa1 Ba8 32.Ne4+ Qe5 33.Qxe5+ dxe5 34.Nd6 Rf8 35.c4 Kf6 36.Nxf7 Rxf7
37.Rxc5 Ra7 38.Nf1 f4 39.Nd2 Ra2 40.Rc8 Bxg2 41.Kxg2 Rxd2+ 42.Kf1 Kf5 43.c5 Ke4
44.c6 f3 45.c7 Ke3 46.Rd8 Rf2+ 47.Kg1 Rg2+ 48.Kh1 Kf2 49.Rd2+ Kf1 50.Rd1+ Ke2
51.Rc1  1-0

[Event "4th London Classic Open"]
[Site "London ENG"]
[Date "2012.12.06"]
[Round "6"]
[White "Guerrero,An"]
[Black "Radovanovic,J"]
[Result "1-0"]
[WhiteElo "2206"]
[BlackElo "2361"]

1.e4 c5 2.Nf3 Nc6 3.Nc3 d6 4.d4 cxd4 5.Nxd4 Nf6 6.Be2 e5 7.Nb3 Be7 8.O-O O-O
9.Kh1 Be6 10.f4 exf4 11.Bxf4 d5 12.e5 Nd7 13.Nxd5 Ndxe5 14.Nxe7+ Qxe7 15.Bxe5 Nxe5
16.Qd4 f6 17.Qe3 b6 18.Nd4 Bd5 19.c4 Bb7 20.Nf5 Qc7 21.Rac1 Rad8 22.c5 bxc5
23.Rxc5 Qb6 24.Qg3 g6 25.Rb5 Qc6 26.Qb3+ Kh8 27.Rxb7 gxf5 28.Rxa7 Qe4 29.Qh3 f4
30.Rxf4 Rc8 31.Bf1 Qg6 32.Rxf6 Ng4 33.Rxf8+ Rxf8 34.Qc3+ Rf6 35.Qc8+ Qg8
36.Qxg8+ Kxg8 37.Kg1 Rc6 38.h3 Ne3 39.Bd3 h5 40.Re7 Rc1+ 41.Kh2 Nd5 42.Re4 Kg7
43.a4 Ra1 44.a5 Nf6 45.Re5 h4 46.Rg5+ Kf7 47.a6 Ke7 48.b4 Kd6 49.Ra5 Rxa5
50.bxa5 Kc7 51.g3 hxg3+ 52.Kxg3 Kb8 53.h4 Ka7 54.Kf4 Nh5+ 55.Kg5 Ng7 56.h5 Ne6+
57.Kf5 Ng7+ 58.Kg4  1-0

[Event "4th London Classic Open"]
[Site "London ENG"]
[Date "2012.12.07"]
[Round "7"]
[White "Tart,P"]
[Black "Hodgson,Jo"]
[Result "1/2-1/2"]
[WhiteElo "1989"]
[BlackElo "2192"]

1.e4 c5 2.Nc3 Nc6 3.Bb5 Nd4 4.Bc4 e6 5.Nge2 Nf6 6.O-O a6 7.d3 b5 8.Bb3 Nxb3
9.axb3 Bb7 10.Bg5 h6 11.Bxf6 Qxf6 12.f4 O-O-O 13.f5 Qe5 14.fxe6 fxe6 15.Nf4 Bd6
16.Qh5 g5 17.Ng6 Qd4+ 18.Kh1 Rh7 19.e5 Bxe5 20.Nf8 Rg7 21.Ne4 Bxe4 22.dxe4 Qxe4
23.Rae1 Qd5 24.c4 Qd6 25.Qf3 Bf4 26.Rd1 Qb8 27.Qc3 Be5 28.Qa5 Bc7 29.Qc3 Be5
30.Qa5  1/2-1/2

[Event "4th London Classic Open"]
[Site "London ENG"]
[Date "2012.12.08"]
[Round "8"]
[White "Jones,Chris S"]
[Black "Pleininger,R"]
[Result "1/2-1/2"]
[WhiteElo "1834"]
[BlackElo "1997"]

1.e4 c5 2.Nf3 Nc6 3.Nc3 g6 4.d4 cxd4 5.Nxd4 Bg7 6.Be3 Nf6 7.Be2 d6 8.f3 Bd7
9.Qd2 a6 10.O-O Rc8 11.Nxc6 Bxc6 12.a4 O-O 13.Rfd1 Re8 14.a5 Qc7 15.Bb6 Qb8
16.Bd4 e5 17.Bb6 Bf8 18.Be3 Rcd8 19.Bg5 Bg7 20.Nd5 Bxd5 21.Bxf6 Bxf6 22.Qxd5  1/2-1/2

[Event "TCh-CZE Div1 Vychod 2012-13"]
[Site "Czech Republic CZE"]
[Date "2012.12.09"]
[Round "4.6"]
[White "Koutny,Pe"]
[Black "Neoral,A"]
[Result "1-0"]
[WhiteElo "2175"]
[BlackElo "2171"]

1.e4 c5 2.Nc3 Nc6 3.Bb5 Nd4 4.Nf3 Nxb5 5.Nxb5 d6 6.d4 a6 7.Nc3 cxd4 8.Qxd4 Bg4
9.Be3 Nf6 10.O-O-O g6 11.Nd5 Bg7 12.Nb6 O-O 13.Nxa8 Qxa8 14.h3 Bxf3 15.gxf3 Nd7
16.Qd5 Rc8 17.Bd4 Nf6 18.Qb3 b5 19.Kb1 Rc4 20.Rhe1 h5 21.Qe3 Qc8 22.f4 Kh7
23.Qf3 Qc6 24.c3 Qb7 25.b3 Rc7 26.Re3 Nd7 27.Bxg7 Kxg7 28.Rd5 Nf6 29.Rg5 Nh7
30.Rg1 Rc5 31.f5 Re5 32.Qg2 Nf8 33.f4 Rc5 34.Rg3 Qc7 35.Kb2 a5 36.fxg6 a4
37.gxf7+ Kxf7 38.Rg8 Rxc3 39.Rxf8+ Ke6 40.Qg6+  1-0

[Event "ch-IRI 2012"]
[Site "Zahedan IRI"]
[Date "2012.12.10"]
[Round "6.14"]
[White "Kheiri,A"]
[Black "Khajavi,A"]
[Result "0-1"]
[WhiteElo "2158"]
[BlackElo "2110"]

1.e4 c5 2.Nc3 Nc6 3.Nge2 g6 4.d4 cxd4 5.Nxd4 Bg7 6.Be3 d6 7.Bc4 Nf6 8.f3 O-O
9.Qd2 Nd7 10.h4 Nb6 11.Bb3 Na5 12.Qe2 Nxb3 13.cxb3 d5 14.exd5 Nxd5 15.O-O-O Qc7
16.Nb5 Nxc3 17.bxc3 Qa5 18.b4 Qa6 19.h5 Be6 20.hxg6 hxg6 21.Bd4 Qxa2 22.Qxa2 Bxa2
23.Bxg7 Kxg7 24.Rd7 e6 25.Rxb7 Bd5 26.Rc7 Rfc8 27.Kc2 a6 28.Rxc8 Rxc8 29.Nd6 Rd8
30.Ne4 Bc4 31.Ra1 f5 32.Nd2 Bd3+ 33.Kb3 e5 34.c4 Rd6 35.c5 Re6 36.Rc1 Bb5
37.Re1 Kf6 38.Kc3 Kg5 39.g3 Kf6 40.Re3 Re7 41.Nc4 g5 42.Nd6 Bc6 43.Kc4 Ke6
44.Ra3 Ra7 45.Rd3 Ra8 46.Kc3 Rd8 47.Re3 Rh8 48.f4 gxf4 49.gxf4 e4 50.Rg3 Kf6
51.Rg5 Bd7 52.Kd4 Rh3 53.Rg1 Rd3+ 54.Kc4 Be6+  0-1

[Event "XI Mario Covas Jr"]
[Site "Santos BRA"]
[Date "2012.12.11"]
[Round "2.4"]
[White "Rodriguez Vila,A"]
[Black "Barbosa,Ev"]
[Result "1-0"]
[WhiteElo "2549"]
[BlackElo "2413"]

1.e4 c5 2.Nc3 Nc6 3.Nge2 Nf6 4.d4 cxd4 5.Nxd4 e5 6.Ndb5 d6 7.Nd5 Nxd5 8.exd5 Nb8
9.Qd3 a6 10.Qa3 b6 11.Bg5 f6 12.Be3 Bb7 13.Nc3 Be7 14.O-O-O O-O 15.Na4 Nd7
16.Nxb6 Nxb6 17.Qb4 Nxd5 18.Qxb7 Nxe3 19.fxe3 f5 20.e4 Rb8 21.Qxa6 fxe4 22.Bc4+ Kh8
23.Rhf1 Rxf1 24.Bxf1 d5 25.Qc6 Ba3 26.Bb5 Qa5 27.bxa3 Qxa3+ 28.Kb1 e3 29.Ka1 h6
30.Rb1 e4 31.c3 Ra8 32.Rb2 Rf8 33.Kb1 Rd8 34.Qc7 Rf8 35.Be2 Kh7 36.Rb7 Rg8
37.Bg4 Qa6 38.c4 d4 39.Rb6 e2 40.Bxe2 Qa3 41.Qf4 Qe7 42.Bg4 Re8 43.Be6 Kh8
44.Bf7  1-0

[Event "ch-IRI 2012"]
[Site "Zahedan IRI"]
[Date "2012.12.11"]
[Round "7.8"]
[White "Khajavi,A"]
[Black "Noroozi,O"]
[Result "1-0"]
[WhiteElo "2110"]
[BlackElo "2366"]

1.e4 c5 2.Nc3 Nc6 3.Nf3 g6 4.d4 cxd4 5.Nxd4 Bg7 6.Be3 Nf6 7.Nxc6 bxc6 8.e5 Ng8
9.f4 f6 10.e6 Nh6 11.exd7+ Bxd7 12.Bc4 Nf5 13.Bf2 Qc7 14.Qf3 Rb8 15.Bb3 Rb4
16.Ne4 Nd4 17.Bxd4 Rxd4 18.c3 Rd5 19.Qe3 Rf5 20.O-O Qb6 21.Nd6+ Kd8 22.Nxf5 Bxf5
23.Rad1+ Kc7 24.Rfe1 e5 25.fxe5 fxe5 26.Qxb6+ axb6 27.h3 h5 28.Re2 Bf6 29.Bc2 Bxc2
30.Rxc2 Bg5 31.Re2 Bf4 32.Kf2 h4 33.Kf3 g5 34.Ke4 Rf8 35.Rf2 Ra8 36.b3 b5
37.Ra1 Rd8 38.b4 Ra8 39.a3 Kb6 40.Rfa2 Ra4 41.Rd1 Kc7 42.Rda1 Kb6 43.Kd3 c5
44.Ke4 Ra8 45.bxc5+ Kxc5 46.a4 bxa4 47.Rxa4 Rd8 48.Ra8 Rd2 49.R1a2 Rd1 50.Rc8+ Kb6
51.Rb2+ Ka7 52.Rc4  1-0

[Event "ch-IRI 2012"]
[Site "Zahedan IRI"]
[Date "2012.12.11"]
[Round "7.14"]
[White "Shah Moradi,Mohammad"]
[Black "Akbari,Mo"]
[Result "0-1"]
[WhiteElo "2120"]
[BlackElo "2047"]

1.e4 c5 2.Nf3 Nc6 3.Nc3 Nf6 4.Bb5 g6 5.O-O Bg7 6.Bxc6 bxc6 7.h3 O-O 8.d3 Rb8
9.e5 Nd5 10.Ne4 d6 11.c4 Nc7 12.Rb1 Ne6 13.exd6 exd6 14.Nfg5 f5 15.Nxe6 Bxe6
16.Ng5 Bd7 17.Re1 Qf6 18.Qa4 f4 19.Qxa7 Bf5 20.Ne4 Qh4 21.Kh2 Be5 22.Kg1 Bxh3
23.gxh3 Qxh3 24.Qe7 f3 25.Qg5 Bh2+  0-1

[Event "ch-IRI 2012"]
[Site "Zahedan IRI"]
[Date "2012.12.12"]
[Round "8.15"]
[White "Kheiri,A"]
[Black "Shah Moradi,Mohammad"]
[Result "1-0"]
[WhiteElo "2158"]
[BlackElo "2120"]

1.e4 c5 2.Nc3 Nc6 3.Bb5 Nd4 4.Bc4 g6 5.Nf3 Bg7 6.Nxd4 cxd4 7.Qf3 Nh6 8.Ne2 O-O
9.d3 Ng4 10.Bb3 d6 11.O-O Bd7 12.Qg3 Qb6 13.Qh4 e5 14.h3 Nf6 15.Bg5 d5 16.exd5 Qd6
17.Ng3 Rae8 18.Rae1 Nxd5 19.Ne4 Qc6 20.Bxd5 Qxd5 21.Nf6+ Bxf6 22.Bxf6 Bc6
23.Re4 Re6 24.Qxh7+  1-0

[Event "III ITT JAHV McGREGOR"]
[Site "Bogota COL"]
[Date "2012.12.14"]
[Round "4.45"]
[White "Nieto,G"]
[Black "Jaramillo Ochoa,M"]
[Result "1-0"]
[WhiteElo "1920"]
[BlackElo "2088"]

1.e4 c5 2.Nc3 Nc6 3.Bb5 Nd4 4.Nf3 e6 5.O-O Ne7 6.Nxd4 cxd4 7.Ne2 Nc6 8.Bxc6 dxc6
9.d3 e5 10.Ng3 Bd6 11.f4 exf4 12.Bxf4 O-O 13.Qf3 Bxf4 14.Qxf4 Be6 15.Nf5 Bxf5
16.exf5 Qf6 17.Rae1 Rfe8 18.Re4 Rxe4 19.Qxe4 Kf8 20.Re1 Rd8 21.Qe5 Qxe5 22.Rxe5 f6
23.Re4 Rd5 24.g4 Rc5 25.Re2 Kf7 26.Kg2 b5 27.a3 a5 28.Kg3 a4 29.h3 Re5 30.Rxe5 fxe5
31.g5 c5 32.Kf3 c4 33.Ke2 Ke7 34.c3 b4 35.cxb4  1-0

[Event "III ITT JAHV McGREGOR"]
[Site "Bogota COL"]
[Date "2012.12.14"]
[Round "5.34"]
[White "Acosta,A COL"]
[Black "Abril,M"]
[Result "1-0"]
[WhiteElo "2331"]
[BlackElo "1975"]

1.e4 c5 2.Nc3 Nc6 3.Nge2 e5 4.Nd5 Nf6 5.Nec3 Be7 6.Bc4 d6 7.d3 Be6 8.f4 exf4
9.Bxf4 O-O 10.O-O Nd4 11.Nxe7+ Qxe7 12.Bg5 Kh8 13.e5 dxe5 14.Ne4 Bf5 15.Rxf5 Nxf5
16.Qf1 Qd7 17.Nxf6 Qd4+ 18.Kh1 gxf6 19.Qxf5 fxg5 20.Qf6+ Kg8 21.Qxg5+ Kh8
22.Qf6+ Kg8 23.Rf1 e4 24.Bxf7+ Rxf7 25.Qxf7+ Kh8 26.Qxb7 Rd8 27.Qe7 Kg8 28.dxe4 Qd6  1-0

[Event "III ITT JAHV McGREGOR"]
[Site "Bogota COL"]
[Date "2012.12.14"]
[Round "5.54"]
[White "Gomez Perdomo,Jonathan"]
[Black "Villamil,Hector Orlando"]
[Result "0-1"]
[WhiteElo "1843"]
[BlackElo "2061"]

1.e4 c5 2.Nc3 Nc6 3.Nf3 a6 4.a4 Nf6 5.d3 d6 6.Be2 g6 7.O-O Bg7 8.h3 O-O 9.Bd2 Bd7
10.Qc1 Re8 11.Bh6 Bh8 12.Qg5 Qc7 13.Nh4 Nd4 14.Bg4 Bxg4 15.hxg4 Qd7 16.Nd5 Nxd5
17.exd5 Bf6 18.Qe3 Bxh4 19.g5 Nxc2 20.Qf4 Nxa1 21.Rxa1 Bxf2+  0-1

[Event "Amplico ch-EUR Blitz"]
[Site "Warsaw POL"]
[Date "2012.12.14"]
[Round "2.1"]
[White "Rublevsky,S"]
[Black "Rogule,L"]
[Result "1-0"]
[WhiteElo "2688"]
[BlackElo "2306"]

1.e4 c5 2.Nf3 Nc6 3.Nc3 d6 4.d4 cxd4 5.Nxd4 Nf6 6.Bc4 Qb6 7.Nb3 e6 8.Bg5 Be7
9.Bxf6 gxf6 10.Qh5 Bd7 11.O-O Ne5 12.Be2 Rc8 13.Rad1 a6 14.Kh1 Qa7 15.f4 Nc4
16.Bxc4 Rxc4 17.f5 b5 18.fxe6 Bxe6 19.Nd5 Rxc2 20.Nd4 Bxd5 21.exd5 Rc4 22.Nc6  1-0

[Event "III ITT JAHV McGREGOR"]
[Site "Bogota COL"]
[Date "2012.12.15"]
[Round "7.22"]
[White "Leon,Orlando"]
[Black "Acosta,A COL"]
[Result "1-0"]
[WhiteElo "2059"]
[BlackElo "2331"]

1.e4 c5 2.Nc3 Nc6 3.Nge2 g6 4.g3 Bg7 5.Bg2 d6 6.O-O e5 7.Nd5 Nge7 8.Nec3 h5
9.d3 Nxd5 10.Nxd5 Bg4 11.f3 Be6 12.f4 exf4 13.gxf4 h4 14.f5 Bd4+ 15.Kh1 h3
16.Bf3 gxf5 17.exf5 Bxf5 18.Bh5 Be6 19.Nf4 Qg5 20.Qf3 Rxh5 21.Nxh5 Bd5 22.Bxg5  1-0

[Event "Amplico ch-EUR Rapid"]
[Site "Warsaw POL"]
[Date "2012.12.15"]
[Round "1.37"]
[White "Anikieiev,Artem"]
[Black "Moranda,W"]
[Result "0-1"]
[WhiteElo "1726"]
[BlackElo "2559"]

1.e4 c5 2.Nc3 Nc6 3.Bb5 Nd4 4.Bc4 Nf6 5.Nf3 e6 6.O-O a6 7.a4 Nxe4 8.Nxd4 cxd4
9.Nxe4 d5 10.Bxd5 Qxd5 11.Ng3 Be7 12.d3 O-O 13.Re1 b6 14.Qg4 f5 15.Qe2 Bd6
16.f4 Bd7 17.b3 Rac8 18.Rf1 Rfe8 19.Ba3 e5 20.Bxd6 exf4 21.Qd2 Qxd6 22.Rxf4 Rxc2
23.Qxc2 Qxf4 24.Qc4+ Be6 25.Qxa6 Qe3+ 26.Kh1 f4 27.Nf1 Qf2 28.Qb5 Bf7 29.Qd7 h6
30.h3 Re2 31.Qc8+ Kh7 32.Qg4 Be6 33.Qf3 Qxf3 34.gxf3 Bxh3 35.Nh2 Rb2 36.Re1 Rxb3
37.Re4 Rb1+ 38.Nf1 Bxf1  0-1

[Event "ch-IRI 2012"]
[Site "Zahedan IRI"]
[Date "2012.12.15"]
[Round "11.12"]
[White "Shah Moradi,Mohammad"]
[Black "Khajavi,A"]
[Result "1/2-1/2"]
[WhiteElo "2120"]
[BlackElo "2110"]

1.e4 c5 2.Nf3 Nc6 3.Nc3 g6 4.d4 cxd4 5.Nxd4 Bg7 6.Be3 d6 7.Qd2 Nf6 8.f3 O-O
9.Bc4 Nd7 10.O-O-O Nb6 11.Bb3 Na5 12.Qd3 Bd7 13.h4 Rc8 14.h5 Nbc4 15.hxg6 fxg6
16.Kb1 Nxb3 17.axb3 Nxe3 18.Qxe3 Rf7 19.f4 Bg4 20.Rd2 e5 21.fxe5 Bxe5 22.Nd5 Qf8
23.Qg5 Rf1+ 24.Rxf1 Qxf1+ 25.Ka2 Qa6+ 26.Kb1 Qf1+ 27.Ka2  1/2-1/2

[Event "ch-IRI 2012"]
[Site "Zahedan IRI"]
[Date "2012.12.15"]
[Round "11.14"]
[White "Kheiri,A"]
[Black "Valizadeh,A"]
[Result "0-1"]
[WhiteElo "2158"]
[BlackElo "2207"]

1.e4 c5 2.Nc3 Nc6 3.Nf3 e5 4.Bc4 Be7 5.d3 Nf6 6.O-O d6 7.Ng5 O-O 8.f4 exf4
9.Bxf4 Ne5 10.Bb3 Ng6 11.Qd2 h6 12.Nf3 Kh7 13.Rae1 Nh5 14.Be3 Be6 15.Rf2 Nf6
16.Rfe2 Qd7 17.d4 c4 18.Ba4 Qc8 19.b3 a6 20.d5 Bg4 21.bxc4 Bxf3 22.gxf3 Ne5
23.Rf1 Nxc4 24.Qe1 Nxe3 25.Rxe3 b5 26.Bb3 Bd8 27.Kh1 Bb6 28.Rd3 Nd7 29.Ne2 f5
30.Nf4 Ne5 31.Rd1 fxe4 32.Ne6 exf3 33.Qe4+ g6 34.Nxf8+ Qxf8 35.c4 b4 36.Bc2 Ra7
37.Rb1 Bc5 38.Rb3 Rf7 39.Bb1 Rf4 40.Qe1 a5 41.a3 Rg4 42.Rbxf3 Nxf3 43.Qe6 Ne5  0-1

[Event "III ITT JAHV McGREGOR"]
[Site "Bogota COL"]
[Date "2012.12.16"]
[Round "8.23"]
[White "Leon,Orlando"]
[Black "Martinez Alcantara,Jose Eduardo"]
[Result "0-1"]
[WhiteElo "2059"]
[BlackElo "2226"]

1.e4 c5 2.Ne2 Nc6 3.Nbc3 g6 4.d3 Bg7 5.Be3 d6 6.Qd2 Nd4 7.Nc1 e6 8.Nd1 Ne7
9.c3 Ndc6 10.g3 O-O 11.Bg2 f5 12.O-O e5 13.Ne2 Be6 14.f4 fxe4 15.dxe4 b6
16.Nf2 Qd7 17.b3 a5 18.Rad1 Rad8 19.Qc1 a4 20.fxe5 Nxe5 21.c4 N7c6 22.Bh6 Bxh6
23.Qxh6 axb3 24.axb3 Rxf2 25.Rxf2 Ng4 26.Qf4 Nxf2 27.Qxf2 Rf8 28.Qe3 Bg4
29.Rd5 Bxe2 30.Qxe2 Qe7 31.Qg4 Nd4 32.b4 Qf6 33.h4 cxb4 34.h5 b3 35.hxg6 b2
36.gxh7+ Kh8 37.Qd1 b1=Q 38.Qxb1 Ne2+  0-1

[Event "Amplico ch-EUR Rapid"]
[Site "Warsaw POL"]
[Date "2012.12.16"]
[Round "8.46"]
[White "Klabis,R"]
[Black "Akesson,R"]
[Result "1-0"]
[WhiteElo "2150"]
[BlackElo "2441"]

1.e4 c5 2.Nc3 Nc6 3.Bb5 Nd4 4.Bc4 e6 5.Nge2 Ne7 6.Nxd4 cxd4 7.Ne2 Nc6 8.d3 Be7
9.O-O O-O 10.Bb3 b6 11.Ng3 Bb7 12.f4 Na5 13.f5 Nxb3 14.axb3 Bf6 15.Qg4 Kh8
16.Nh5 Rg8 17.Rf3 Be5 18.Rh3 g5 19.Bd2 Qe7 20.Rf1 f6 21.c3 Rac8 22.Kh1 exf5
23.Qxf5 Rcf8 24.cxd4 Bxd4 25.Bb4 Qe6  1-0

[Event "Amplico ch-EUR Rapid"]
[Site "Warsaw POL"]
[Date "2012.12.16"]
[Round "9.13"]
[White "Kulaots,K"]
[Black "Krasenkow,M"]
[Result "1-0"]
[WhiteElo "2581"]
[BlackElo "2628"]

1.e4 c5 2.Nc3 Nc6 3.Bb5 Nd4 4.Nf3 e6 5.O-O Nxb5 6.Nxb5 Nf6 7.e5 Nd5 8.c4 Nb4
9.d4 a6 10.Bg5 Qb6 11.a3 Nc2 12.dxc5 Bxc5 13.Qxc2 axb5 14.b4 Bf8 15.c5 Qa6
16.Rfd1 h6 17.Bh4 g5 18.Bg3 Be7 19.h4 b6 20.c6 dxc6 21.hxg5 hxg5 22.Qxc6+ Kf8
23.Nd4 Bxb4 24.Nf5 Bb7 25.Qc7 exf5 26.e6 fxe6 27.Rd7 Ke8 28.Bd6  1-0

[Event "Amplico ch-EUR Rapid"]
[Site "Warsaw POL"]
[Date "2012.12.16"]
[Round "10.38"]
[White "Simonian,H"]
[Black "Klepaczka,T"]
[Result "1-0"]
[WhiteElo "2459"]
[BlackElo "2240"]

1.e4 c5 2.Nc3 Nc6 3.Bb5 Nd4 4.Bc4 g6 5.Nf3 Bg7 6.Nxd4 cxd4 7.Qf3 Nh6 8.Ne2 O-O
9.d3 Ng4 10.Bb3 d6 11.Qg3 a5 12.a4 Kh8 13.O-O Nf6 14.Qh4 Nd7 15.Bg5 f6 16.Bh6 e5
17.f4 Nc5 18.Bd5 Be6 19.Bxe6 Nxe6 20.Rf3 Bxh6 21.Qxh6 Qe7 22.f5 Ng5 23.Rf2 Nf7
24.Qh3 g5 25.c3 dxc3 26.Nxc3 Nd8 27.Nd5 Qg7 28.Rc1 Nc6 29.Qe3 g4 30.Rfc2 Qg5
31.Qxg5 fxg5 32.Nc7 Rab8 33.Ne6 Rg8 34.f6 Nd8 35.Nxd8 Rgxd8 36.Rc7 Rf8 37.Rd7 Rxf6
38.Rcc7 b5 39.Rxh7+ Kg8 40.Rcg7+ Kf8 41.Ra7 Kg8 42.Rag7+ Kf8 43.Rxg5 Rb6
44.axb5 Rxb5 45.Rxg4 Rxb2 46.h4 Rd2 47.h5 Rd1+ 48.Kh2 a4 49.h6 Rff1 50.Rh8+ Kf7
51.Rg7+ Ke6 52.Re8+  1-0

[Event "Amplico ch-EUR Rapid"]
[Site "Warsaw POL"]
[Date "2012.12.16"]
[Round "11.37"]
[White "Brendel,O"]
[Black "Demuth,A"]
[Result "0-1"]
[WhiteElo "2361"]
[BlackElo "2480"]

1.e4 c5 2.Nf3 Nc6 3.Nc3 d6 4.d4 cxd4 5.Nxd4 Nf6 6.Bc4 e6 7.Be3 Be7 8.Qe2 O-O
9.O-O-O a6 10.Bb3 Nxd4 11.Bxd4 b5 12.f4 b4 13.Na4 Bb7 14.f5 e5 15.Bxe5 Nxe4
16.Bd4 Qa5 17.Rhf1 Rae8 18.Qg4 Bf6 19.Bxf6 Nxf6 20.Qd4 Bc6 21.Qb6 Qxb6 22.Nxb6 Bxg2
23.Rg1 Bh3 24.Rxd6 Ne4 25.Rd5 Nf6 26.Rd6 Ne4 27.Rd5 Nf6 28.Rd6 Kh8 29.Rxf6 gxf6
30.Nd7 Rg8 31.Rd1 Bg4 32.Rf1 Bh3 33.Rd1 Bg4 34.Rf1 Bh3 35.Rd1 Bxf5 36.Nxf6 Bg6
37.Nxg8 Kxg8 38.Rd4 a5 39.Kd2 Bh5 40.Bc4 Re5 41.Rd5 Rxd5+ 42.Bxd5 Kg7 43.Ke3 Kf6
44.Kf4 Ke7 45.c4 bxc3 46.bxc3 Kd6 47.Bb3 Bg6 48.h4 f6 49.a3 Kc5 50.Ke3 Be8
51.Kf4 Bg6 52.Kg4 Bd3 53.Kh5 Kd6 54.Kh6 f5 55.Bd1 f4 56.Kg5 Ke5 57.h5 Ke4
58.Kg4 Ke3 59.h6 Be4 60.c4 f3 61.Bxf3 Bxf3+ 62.Kf5 Kd4  0-1

[Event "Amplico ch-EUR Rapid"]
[Site "Warsaw POL"]
[Date "2012.12.16"]
[Round "11.48"]
[White "Andriasian,Z"]
[Black "Musialkiewicz,J"]
[Result "1-0"]
[WhiteElo "2605"]
[BlackElo "2243"]

1.e4 c5 2.Nc3 Nc6 3.Bb5 g6 4.Bxc6 bxc6 5.f4 Bg7 6.Nf3 c4 7.O-O d5 8.Qe1 d4
9.Nd1 Bg4 10.b3 cxb3 11.axb3 d3 12.c3 Qb6+ 13.Qe3 Qxe3+ 14.Nxe3 Be6 15.e5 Nh6
16.Nd4 Kd7 17.Ra6 Rhc8 18.Ba3 f6 19.exf6 Bxf6 20.Nxe6 Kxe6 21.g4 g5 22.f5+ Kd7
23.Rf3 Nf7 24.Nc4 Ne5 25.Nxe5+ Bxe5 26.Rxd3+ Bd6 27.f6 Kc7 28.fxe7 Bxa3 29.Rxa3 Re8
30.Re3 a5 31.Re5 h6 32.Raxa5  1-0

[Event "19th Zadar Open B"]
[Site "Zadar CRO"]
[Date "2012.12.16"]
[Round "1.10"]
[White "Fucak,E"]
[Black "Sljivar,S"]
[Result "1-0"]
[WhiteElo "2222"]
[BlackElo "1916"]

1.e4 c5 2.Nc3 Nc6 3.Nge2 g6 4.g3 Bg7 5.Bg2 Nf6 6.O-O O-O 7.d3 d6 8.h3 Bd7
9.f4 a6 10.a4 Rb8 11.g4 b5 12.axb5 axb5 13.Ng3 e6 14.f5 exf5 15.exf5 b4 16.Nce2 Ne8
17.Kh1 Qh4 18.Ne4 Qd8 19.f6 Bh8 20.g5 Ne5 21.Bf4 Be6 22.Bxe5 dxe5 23.Nxc5 Bc8
24.d4 Qb6 25.c4 Nd6 26.dxe5 Nxc4 27.Qd4 Be6 28.Nxe6 Qxe6 29.Nf4 Qxe5 30.Qxc4 Qxg5
31.Ne6 fxe6 32.Qxe6+ Rf7 33.Bd5 Rf8 34.Qxf7+ Rxf7 35.Ra8+  1-0

[Event "11th IM Int"]
[Site "Sao Jose do Rio Preto BRA"]
[Date "2012.12.18"]
[Round "2.5"]
[White "Supi,L"]
[Black "Barreto Filho,C"]
[Result "1/2-1/2"]
[WhiteElo "2299"]
[BlackElo "2258"]

1.e4 c5 2.Nc3 Nc6 3.Bb5 Nd4 4.Nf3 g6 5.Bc4 Bg7 6.Nxd4 cxd4 7.Qf3 Nh6 8.d3 O-O
9.Ne2 Ng4 10.Bb3 d6 11.h4 h5 12.Qg3 e6 13.Bf4 Qa5+ 14.Bd2 Qe5 15.Qh3 Qc5
16.f3 Nf6 17.g4 a5 18.a4 Bd7 19.gxh5 Nxh5 20.Rg1 Bf6 21.Ng3 Kg7 22.Bg5 Rh8
23.f4 Bxg5 24.Nxh5+ Rxh5 25.Rxg5 Rxg5 26.fxg5 Rh8 27.Qf3 Qe5 28.Qf2 f6 29.O-O-O fxg5
30.Rf1 Qf4+ 31.Qxf4 gxf4 32.Rxf4 Rf8 33.Rxf8 Kxf8 34.Kd2 Kg7 35.Ke2 Kh6 36.Kf3 Kh5
37.Kg3 g5 38.hxg5 Kxg5 39.Kf3 e5 40.c3 Bg4+ 41.Kf2 Kf4 42.cxd4 exd4 43.Bd5 b6
44.Bc4 Bd7 45.b3 Bg4 46.Bd5 Ke5 47.Bc4 Kf4 48.Bd5 Ke5 49.Bc4 Be6 50.Ke2 d5
51.exd5 Bxd5 52.Bxd5 Kxd5 53.Kd2 Kc5 54.Kc2 b5 55.axb5 Kxb5 56.Kc1 Kb4 57.Kb2 a4
58.bxa4 Kxa4 59.Ka2 Kb4 60.Kb2 Ka4 61.Ka2 Kb4 62.Kb2  1/2-1/2